| 000 | 00368nam a2200133Ia 4500 | ||
|---|---|---|---|
| 008 | 220217s9999||||xx |||||||||||||| ||und|| | ||
| 020 | _a81-7884-031-6 | ||
| 082 | _a510 PRA | ||
| 100 |
_aPrasad, Devi _95406 |
||
| 245 | 0 | _aEngineering mathematics problems and sollutions | |
| 260 |
_aCyber tech press _bNew Delhi _c2002 |
||
| 300 | _b195 | ||
| 650 | _aMATHEMATICS | ||
| 999 |
_c176340 _d176340 |
||